000 00418nam a22001697a 4500
003 MPLRDC
005 20220104170214.0
008 210129b ||||| |||| 00| 0 eng d
020 _a0-7105-0785-2
082 _a366 THE
100 _aNON
245 _aTHE AMAZING WORLD OF LIVING THINGS
_c
260 _a
_bPETER HADDOCK LTD.
_c
300 _b
650 _a生物之分布; 生物地理
942 _cBK
_o366 THE
999 _c57839
_d57829